A Guide to Taxila (Record no. 332285)

000 -LEADER
fixed length control field 01145 a2200229 4500
003 - CONTROL NUMBER IDENTIFIER
control field NUST
005 - DATE AND TIME OF LATEST TRANSACTION
control field 20171122124358.0
008 - FIXED-LENGTH DATA ELEMENTS--GENERAL INFORMATION
fixed length control field 171122b xxu||||| |||| 00| 0 eng d
020 ## - INTERNATIONAL STANDARD BOOK NUMBER
International Standard Book Number 9789694073397
040 ## - CATALOGING SOURCE
Transcribing agency 0
082 ## - DEWEY DECIMAL CLASSIFICATION NUMBER
Classification number 913.34 MAR
100 ## - MAIN ENTRY--PERSONAL NAME
Personal name Marshall,Sir John
9 (RLIN) 6669
245 ## - TITLE STATEMENT
Title A Guide to Taxila
Statement of responsibility, etc. Sir John Marshall.
260 ## - PUBLICATION, DISTRIBUTION, ETC.
Place of publication, distribution, etc. Karachi
Name of publisher, distributor, etc. Royal Book company
Date of publication, distribution, etc. 2007
300 ## - PHYSICAL DESCRIPTION
Extent xxii,196p.
500 ## - GENERAL NOTE
General note H.B
505 ## - FORMATTED CONTENTS NOTE
Formatted contents note Topographical (Page-1),Historical (Page-10), Bhir Mound(Page-47), Sirkap(Page-60),Temple Of Jandial (Page-85), Sirsukh (Page-91),Biddhist Monasteries (Page-95),The Dharmarajike (Page-102),Khader Mohra (Page-124),Kalawan (Page-129),Giri (Page-143),Kunala (Page-150),Mohra Moradu (Page-156),Jaulian (Page-164),Bhamala (Page-171),Bhallar Lalchak (Page-178).
538 ## - SYSTEM DETAILS NOTE
System details note Almirah No.60 Shelf No.6
600 ## - SUBJECT ADDED ENTRY--PERSONAL NAME
Personal name by Sir John Marshall.
9 (RLIN) 6670
650 ## - SUBJECT ADDED ENTRY--TOPICAL TERM
Topical term or geographic name entry element guide to Taxila
9 (RLIN) 6671
942 ## - ADDED ENTRY ELEMENTS (KOHA)
Source of classification or shelving scheme
Koha item type Book
Call number prefix IESE
Holdings
Withdrawn status Lost status Source of classification or shelving scheme Damaged status Not for loan Collection code Permanent Location Current Location Shelving location Date acquired Total Checkouts Full call number Barcode Date last seen Price effective from Koha item type
            Institute of Environmental Science and Engineering (IESE) Institute of Environmental Science and Engineering (IESE) General Stacks 11/22/2017   913.34 MAR IESE-1522 11/22/2017 11/22/2017 Book
            Institute of Environmental Science and Engineering (IESE) Institute of Environmental Science and Engineering (IESE) Fiction 11/22/2017   913.34 MAR IESE-1521 11/22/2017 11/22/2017 Book
© 2023 Central Library, National University of Sciences and Technology. All Rights Reserved.